| 000 | 00611nam a2200181 4500 | ||
|---|---|---|---|
| 001 | 135839 | ||
| 003 | ES-MaACL | ||
| 005 | 20230906194953.0 | ||
| 007 | t| | ||
| 008 | 070214s1973 sp r ||||1| spa d | ||
| 100 | 1 |
_aRousseau, Jean-Jacques. _9100055 |
|
| 245 | 1 | 0 |
_aDiscurso sobre el origen y los fundamentos de la desigualdad entre los hombres / _cJean-Jacques Rousseau ; traducción de Melitón Bustamante Ortiz. |
| 250 | _a2ª. ed. | ||
| 260 |
_aBarcelona : _bPenínsula, _c1973. |
||
| 300 |
_a156 p. ; _c19 cm. |
||
| 700 | 1 |
_aBustamante Ortiz, Melitón. _932877 |
|
| 852 |
_aES-MaACL _jC-53338 _bR.85161 |
||
| 999 |
_c135839 _d135839 |
||